000 00878nam a2200253 a 4500
003 OSt
005 20171028110433.0
008 000306s1998 ug b 000 0 eng c
020 _z99709012107 (pbk.)
040 _aLDCLIB
_cLDCLIB
082 0 4 _a342.029
_222
_bUGA
245 1 0 _aUganda :
_cedited by Peter Mukidi Walubiri /
_bconstitutionalism at cross roads
260 _aKampala :
_bUganda Law Watch,
_cc1998.
300 _aix, 359 p. ;
_c21 cm.
540 _aIncludes bibliographical references.
600 1 0 _aLezama Lima, José.
_tSelections.
_f2000.
_9579
610 1 0 _aUganda.
_tConstitution (1995)
_9580
650 0 _aConstitutional law
_zUganda.
_9581
650 0 _aLaw
_zUganda.
_9582
650 0 _aRepresentative government and representation
_zUganda.
_9583
651 0 _aUganda
_xPolitics and government.
_9584
700 1 _aWalubiri, Peter Mukidi.
_9586
942 _2ddc
_cBK
999 _c197
_d197